00297nam a2200133Ia 4500003000400000008004100004082001600045100002000061245003300081250000800114260002500122300000800147650000800155OSt191201s2008 xx 000 0 und d a796.06bGHD aGHOSE, Amitabha 0aDynamics of Sports Marketing a1st aHyderabadbIUPc2008 a164 aMBA